Southernmost Capital Cities - One Minute Sprint - Statistics

General Stats
  • This quiz has been taken 38 times
  • The average score is 11 of 20
Answer Stats
latitude capital % Correct
41.28 Wellington
97%
35.30 Canberra
94%
34.60 Buenos Aires
91%
25.73 Pretoria
89%
33.45 Santiago
86%
34.88 Montevideo
80%
25.27 Asunción
57%
15.78 Brasília
54%
22.57 Windhoek
49%
16.50 La Paz
46%
24.65 Gaborone
37%
17.85 Harare
37%
25.97 Maputo
37%
18.13 Suva
37%
18.93 Antananarivo
34%
29.30 Maseru
31%
26.32 Mbabane
29%
20.15 Port Louis
29%
21.13 Nuku'alofa
20%
17.75 Port Vila
20%
No matching quizzes found
Score Distribution
Percent of People with Each Score
Percentile by Number Answered
Your Score History
You have not taken this quiz